000 00881nam a22001577a 4500
999 _c61563
_d61563
005 20240325153031.0
008 240325c2017 ge ||||| |||| 00| 0 geo d
041 _ageo
245 _aმერმისი :
_b2017. მწერალთა, ხელოვანთა და მეცნიერთა ეროვნული აკადემიის ჟურნალი /
_cდამფუძნებელი და მთავარი რედაქტორი: თეიმურაზ ლანჩავა; რედაქტორი: თემურ ამყოლაძე.
260 _aქუთაისი,
_c2015.
300 _aV.
653 _aმერმისი
653 _aპერიოდიკა
700 _aლანჩავა, თეიმურაზ
_eმთავარი რედაქტორი
_916441
942 _2udc
_cCR